Library of the University of Algiers 3
Ibrahim Sultan Cheibout
شعار جامعة الجزائر 3
مكتبة جامعة الجزائر 3
إبراهيم سلطان شيبوط

دينامية التجربة اليابانية في التنمية المركبة : (رقم التسجيلة. 44198)

تفاصيل مارك
000 -LEADER
fixed length control field 01684nam a2200253Ia 4500
003 - CONTROL NUMBER IDENTIFIER
control field Ost
005 - DATE AND TIME OF LATEST TRANSACTION
control field 20260507075355.0
008 - FIXED-LENGTH DATA ELEMENTS--GENERAL INFORMATION
fixed length control field 260507s9999||||xx |||||||||||||| ||und||
020 ## - INTERNATIONAL STANDARD BOOK NUMBER
International Standard Book Number 3148299539
040 ## - CATALOGING SOURCE
Transcribing agency fsecg
041 ## - LANGUAGE CODE
Language code of text/sound track or separate title ara
082 ## - DEWEY DECIMAL CLASSIFICATION NUMBER
Classification number 330
100 ## - MAIN ENTRY--PERSONAL NAME
Personal name يوسف، ناصر
Relator term مؤلف
245 #0 - TITLE STATEMENT
Title دينامية التجربة اليابانية في التنمية المركبة :
Remainder of title دراسة مقارنة بالجزائر وماليزيا /
Statement of responsibility, etc. ناصر يوسف
260 ## - PUBLICATION, DISTRIBUTION, ETC.
Place of publication, distribution, etc. بيروت:
Name of publisher, distributor, etc. مركز الدراسات الوحدة العربية,
Date of publication, distribution, etc. 2010
300 ## - PHYSICAL DESCRIPTION
Extent 414 صفحة؛
Other physical details إيضاحات ؛
Dimensions 24 سم
490 ## - SERIES STATEMENT
Series statement سلسلة أطروحات الدكتوراه
Volume/sequential designation 83
504 ## - BIBLIOGRAPHY, ETC. NOTE
Bibliography, etc. note الملاحق ص.371؛ المراجع ص.377
520 ## - SUMMARY, ETC.
Summary, etc. مدخل الى البحث- آراء علمية حول التنمية الإقتصادية- التنمية الإقتصادية من المنظور الإسلامي- التنمية الإقتصادية بدينامية الإعتماد على الذات من منظور دولي عربي- التجربة اليابانية المعاصرة في التنمية الغقتصادية المعتمدة على الذات- دينامية الإعتماد على الذات وإنجازاتها في التنمية الإقتصادية اليابانية- مقارنة اليابان بالجزائر وماليزيا والدروس المستفادة- مقولات انمائية ومقترحات انسانية
653 ## - INDEX TERM--UNCONTROLLED
Uncontrolled term الإقتصاد الإسلامي
653 ## - INDEX TERM--UNCONTROLLED
Uncontrolled term التنمية الإقتصادية- الجزائر
653 ## - INDEX TERM--UNCONTROLLED
Uncontrolled term التنمية الإقتصادية- ماليزيا
942 ## - ADDED ENTRY ELEMENTS (KOHA)
Koha item type كتب
المقتنيات
Withdrawn status Lost status Source of classification or shelving scheme Damaged status Not for loan Home library Current library Date acquired Serial enumeration / chronology Inventory number Total checkouts Full call number Barcode Date last seen Price effective from Koha item type
    Dewey Decimal Classification   NOT LOAN / إعارة داخلية مكتبة كلية العلوم الإقتصادية والعلوم التجارية وعلوم التسيير مكتبة كلية العلوم الإقتصادية والعلوم التجارية وعلوم التسيير 07/05/2026 الطابق الأرضي 25250   أ/4256ن1 25250 07/05/2026 07/05/2026 كتب
    Dewey Decimal Classification   Available مكتبة كلية العلوم الإقتصادية والعلوم التجارية وعلوم التسيير مكتبة كلية العلوم الإقتصادية والعلوم التجارية وعلوم التسيير 07/05/2026 الطابق الأرضي 25251   أ/4256ن2 25251 07/05/2026 07/05/2026 كتب
    Dewey Decimal Classification   Available مكتبة كلية العلوم الإقتصادية والعلوم التجارية وعلوم التسيير مكتبة كلية العلوم الإقتصادية والعلوم التجارية وعلوم التسيير 07/05/2026 الطابق الثاني 25252   أ/4256ن3 25252 07/05/2026 07/05/2026 كتب

موارد الويب المفتوحة


© University of Algiers 3 All Rights Reserved
|
Implemented by LECHELAH Riad